000 00469nam a2200193Ia 4500
005 20240823040915.0
008 240823s9999||||xx |||||||||||||| ||und||
020 _a978-93-325-1694-6
041 _aENGLISH
082 _A153.14 Q4
100 _aJonathan hancock
245 0 _aHow to Improve Your Memory for Study
250 _a1st
260 _c2014
_bDorling Kinde
500 _aYES
650 _aimprove your memory
_bGeneral
942 _cBK
999 _c204231
_d204231